Oceanian Countries by Etymology - Statistics

General Stats
  • This quiz has been taken 332 times
  • The average score is 12 of 14
Answer Stats
Name Meaning Country % Correct
Named after the explorer John Marshall Marshall Islands
98%
Named after a Dutch province New Zealand
96%
Named for a rich biblical king Solomon Islands
95%
"Southern land" Australia
94%
It could mean "place of the moa" Samoa
91%
"Viti," meaning "east" or "sunrise" Fiji
90%
"Small islands" FS Micronesia
90%
Gilbertese for "Gilberts" Kiribati
89%
"Eight standing together" Tuvalu
85%
Literally "I go to the beach" Nauru
82%
"Frizzy-haired" + its main island Papua New Guinea
82%
"South" Tonga
82%
"Village" Palau
81%
One translation is "Our Land" Vanuatu
81%
No matching quizzes found
Score Distribution
Percent of People with Each Score
Percentile by Number Answered
Your Score History
You have not taken this quiz